000 00437pab a2200169 454500
008 180718b2013 xxu||||| |||| 00| 0 eng d
100 _aSanjeev Kumar
245 _aNarco - terrorism : A threat to India's national security
260 _c2013
300 _ap.45-59.
650 _aTerrorism
650 _aState security
650 _aNarcotic drugs
773 _aReserach Journal Social Sciences
908 _aN
909 _a103583
999 _c103579
_d103579